000 00982njm a2200289Ia 4500
001 37217
003 IT-RoPAU
005 20220918181205.0
008 131025s9999 xx 000 0 und d
040 _aIT-RoPAU
040 _cIT-RoPAU
999 _c103346
_d103346
999 _bn.d.
100 _aBerlioz Hector
_919465
100 _eAutore musica
_919466
100 _gCodice autore musica SPICS: 9293
_919467
245 _aSymphonie fantastique, op. 14
250 _a1a ed.
260 _aJAPAN
260 _bDENON - PCM
_c1984 [1a Ed.:1984 - Ed. Lingua Orig.: 1830]
300 _aCOMPACT DISC
300 _c50 minuti (Testo: 12 pag.)
500 _aMusica classica, sinfonica. Marcia funebre. Dies Irae
505 _aReveries (Passions) - Un bal - Scene aux champs - Marche au supplice - Songe d'une nuit su Sabbat
511 _aThe Tokyo Metropolitan Symphony Orchestra diretta da Fournet Jean
650 _aSINFONICA [COMPACT DISC]
_eCodice MATERIA SPICS: 9949
_916800
942 _cCD
_2ddc